| 000 | 00467nam a22001937a 4500 | ||
|---|---|---|---|
| 003 | MPLRDC | ||
| 005 | 20220104142329.0 | ||
| 008 | 210129b ||||| |||| 00| 0 eng d | ||
| 020 | _a986-7291-22-0 | ||
| 082 | _a848.2 LAa-17 | ||
| 100 | _a李昂 | ||
| 245 |
_a花间迷情 _c |
||
| 250 | _a初版 | ||
| 260 |
_a台湾 _b大块文化出版股份有限公司 _c2005 |
||
| 300 | _b246 | ||
| 490 | _aTOP: 31 | ||
| 650 | _a现代别集 | ||
| 942 |
_cBK _o848.2 LAa-17 |
||
| 999 |
_c29947 _d29937 |
||